000 01172nam0a22003251 4500
001 RU\INFOCOMM_322\NLR\5000086970
005 20250613104024.0
035 _a(NLR Aleph) 009484955
090 _a8611611
_c8611611
100 _a20121204d1982 |||y0rusy50 ca
101 0 _aeng
102 _aRU
105 _ay z |||||
200 1 _aˆThe ‰index of invariant elliptic operators, K-theory, and lie groups representations
_fG. G. Kasparov
210 _aChernogolovka
_cИХФ АН СССР
_d1982
215 _a10 с.
_d21 см
225 1 _aPreprint
_fThe Acad. of sciences of the USSR. The Inst. of chem. physics
300 _a"Submitted to "Doklady Akad. nauk SSSR" in June 1982"
320 _aБиблиогр.: с. 9-10
606 _aОператоры (мат.) эллиптические
_2nlr_sh1
606 _aГруппы (мат.) Ан-Представления
_2nlr_sh1
620 _aЧерноголовка
686 _aВ162.13
_2rubbk
686 _aВ162.51
_2rubbk
700 1 _aKasparov
_bG. G.
_gGennadij Georgievič
801 1 _aRU
_bNLR
_c20121204
801 0 _aRU
_bINFOCOMM
_gPSBO
852 _aNLR
_jМт01 Д-4/166
942 _cBOOK
980 _aNB